Adaptácia malých a stredných podnikov na digitalizáciu a elektronizáciu ekonomiky v kontexte koncepcie Priemysel 4.0 dizertačná práca

Salvato in:
Dettagli Bibliografici
Autore principale: Stovíček, Filip, 1998-
Ente Autore: Fakulta podnikového manažmentu EU. Katedra podnikovohospodárska
Altri autori: Majdúchová, Helena, 1963-
Natura: Libro
Lingua:slovacco
Pubblicazione: Bratislava 2024
Soggetti:
Tags: Aggiungi Tag
Nessun Tag, puoi essere il primo ad aggiungerne!!

MARC

LEADER 00000nbm a2200000 4500
001 0304060
005 20250515132404.9
041 0 |a slo 
044 |a SK 
245 1 0 |a Adaptácia malých a stredných podnikov na digitalizáciu a elektronizáciu ekonomiky v kontexte koncepcie Priemysel 4.0  |b dizertačná práca  |c Filip Stovíček ; školiteľ: Helena Majdúchová 
264 1 |a Bratislava  |c 2024 
300 |a 153 s. 
610 2 0 |a priemysel 4.0 
610 2 0 |a reklama 
610 2 0 |a prieskum trhu 
610 2 0 |a telekomunikácie 
610 2 0 |a služby finančné 
610 2 0 |a digitalizácia 
610 2 0 |a elektronizácia 
610 2 0 |a ekonomika 
610 2 0 |a podnik malý 
610 2 0 |a podnik stredný 
100 1 |a Stovíček, Filip, 1998- 
700 1 |a Majdúchová, Helena, 1963- 
710 2 |a Fakulta podnikového manažmentu EU. Katedra podnikovohospodárska